000 00391nam a22001337a 4500
999 _c14019
_d14019
003 OSt
082 _21
088 _a1
100 _aSingh, Okram Basudev
_93932
245 _aTesting and performance evaluation of hold on type power paddy thresher
260 _aTavanur
_bDepartment of FPME, KCAET
856 _uhttps://drive.google.com/open?id=1rVDQGA0D2Vsvrufg-2D3kio_6RktFwgL
942 _cPR